000 00560pab a2200193 454500
008 180718b2007 xxu||||| |||| 00| 0 eng d
100 _aSethi, Narayan
245 _aInternational capital flows on India's economic growth-in view of changing financial market scenario
260 _c2007
300 _ap.99-113.
362 _aJul
650 _aFinancial markets - India
650 _aEconomic growth - India
650 _aEconomic growth
700 _aPatnaik, K. Uma Shankar
773 _aIndian Journal of Economics
908 _aN
909 _a78451
999 _c78451
_d78451